00322nam a2200145Ia 4500008004100000020001800041050001300059050000900072100001900081245002100100260001500121260001500136260000900151300001600160200601s9999 xx 000 0 und d a0-440-19348-6 aFIC Aa7v b1982 aAsheim, Ashley 0aVulcan Rising / aNew York : bDel Books. c1982 a299 pages :